[Event "GER-chT U12"]
[Site "Verden"]
[Date "2014.12.30"]
[Round "7.3"]
[White "Schulze, Nick"]
[Black "Spaeth, Christoph"]
[Result "1/2-1/2"]
[WhiteElo "1288"]
[BlackElo "1166"]
[PlyCount "83"]
[EventDate "2014.12.27"]
[EventType "team-swiss"]
[EventRounds "7"]
[EventCountry "GER"]
[SourceTitle "EXT 2016"]
[Source "ChessBase"]
[SourceDate "2015.10.08"]
[SourceVersion "1"]
[SourceVersionDate "2015.10.08"]
[SourceQuality "1"]
[WhiteTeam "Gera"]
[BlackTeam "Bernhausen"]
[WhiteTeamCountry "GER"]
[BlackTeamCountry "GER"]

1. d4 d5 2. Nf3 Nc6 3. e3 Bg4 4. Nbd2 e5 5. dxe5 Nxe5 6. h3 Nxf3+ 7. Nxf3 Bh5 8. Be2 Bd6 9. 0-0 Nf6 10. b3 0-0 11. Bb2 c6 12. c4 Re8 13. Rc1 Bxf3 14. Bxf3 Be5 15. Ba3 Ne4 16. Qd3 Bd6 17. Bb2 Qe7 18. Rcd1 dxc4 19. Qxe4 Qxe4 20. Bxe4 Be5 21. Bxe5 Rxe5 22. Bc2 cxb3 23. Bxb3 b5 24. Rd7 Rf5 25. Rfd1 g6 26. R1d3 c5 27. Bc2 Re5 28. f4 Re6 29. a4 a6 30. axb5 axb5 31. Rb7 c4 32. Rd5 Rxe3 33. Rdxb5 Ra2 34. Rb2 Rxb2 35. Rxb2 Kg7 36. Rb4 Rc3 37. Ba4 Kf6 38. Bb5 Rc1+ 39. Kf2 c3 40. g4 c2 41. g5+ Kg7 42. Rc4 1/2-1/2